[Event "Vaujany 2021 Accession"]
[Site "Vaujany"]
[Date "2021.07.15"]
[Round "1.3"]
[White "Deneyer, Frank"]
[Black "vanderpooten"]
[Result "0-1"]
[WhiteElo "1836"]
[BlackElo "1494"]
[PlyCount "62"]
[EventDate "2021.07.15"]
[EventType "swiss"]
[EventRounds "9"]
[EventCountry "FRA"]
[SourceVersionDate "2021.07.15"]

1. e4 c5 2. d4 cxd4 3. c3 g6 4. Nf3 Bg7 5. cxd4 d5 6. e5 Nc6 7. Nc3 Bg4 8. Qb3
Bxf3 9. Qxb7 Nxd4 10. Bb5+ Kf8 11. gxf3 Nc2+ 12. Kf1 Nxa1 13. Bc6 Rb8 14. Qxa7
d4 15. Nd5 Rc8 16. Nb4 d3 17. Bd2 Nc2 18. Qd7 Nxb4 19. Qxd8+ Rxd8 20. Bxb4 Bxe5
21. Kg2 Bxb2 22. a4 Rb8 23. Bd2 Bd4 24. a5 Kg7 25. a6 Nf6 26. Bb7 Nd7 27. Bb4
Nc5 28. Bxc5 Bxc5 29. Rd1 Rhd8 30. f4 d2 31. Kf3 Rd6 0-1

[Event "Vaujany 2021 Accession"]
[Site "Vaujany"]
[Date "2021.07.15"]
[Round "1.17"]
[White "Homerin, Vincent"]
[Black "Famel, Diane"]
[Result "0-1"]
[WhiteElo "1690"]
[BlackElo "1425"]
[Annotator "promoechecs"]
[PlyCount "60"]
[EventDate "2021.07.15"]
[EventType "swiss"]
[EventRounds "9"]
[EventCountry "FRA"]
[SourceVersionDate "2021.07.15"]

{[%evp 0,60,19,31,72,53,111,102,81,72,68,58,45,25,46,-34,-47,-64,-63,-69,-70,
-97,-52,-59,-35,-46,-66,-63,-33,-20,-20,-24,-18,-21,3,-2,18,-20,-21,-29,-19,
-42,-23,-32,-19,-117,-38,-35,-35,-34,-27,-28,0,0,3,25,14,-15,-10,-101,-44,-73,
70]} 1. e4 c5 2. Nf3 g6 3. d4 cxd4 4. Nxd4 Nc6 5. Nxc6 bxc6 6. Qd4 f6 7. e5
Qa5+ 8. Bd2 Qxe5+ 9. Qxe5 fxe5 10. Bc3 d6 11. f4 Bg7 12. Be2 Nh6 13. fxe5 Bxe5
14. Bxe5 dxe5 15. O-O Nf7 16. Nd2 O-O 17. Bc4 Bf5 18. Rf2 Kg7 19. Bxf7 Rxf7 20.
Raf1 Raf8 21. Nf3 e4 22. Nd4 Bd7 23. Rxf7+ Rxf7 24. Re1 e5 25. Nb3 Rf4 26. Nc5
Bf5 27. g3 Rg4 28. Kg2 e3 29. Rxe3 Rc4 30. Rxe5 Kf6 0-1

[Event "Vaujany 2021 Accession"]
[Site "Vaujany"]
[Date "2021.07.15"]
[Round "1.16"]
[White "Cherki, Vincent"]
[Black "Corfield, Zoe"]
[Result "1-0"]
[WhiteElo "1427"]
[BlackElo "1690"]
[PlyCount "47"]
[EventDate "2021.07.15"]
[EventType "swiss"]
[EventRounds "9"]
[EventCountry "FRA"]
[SourceVersionDate "2021.07.15"]

1. e4 d6 2. d4 Nf6 3. Nc3 Nbd7 4. f4 e5 5. Nf3 exd4 6. Nxd4 g6 7. Bc4 a6 8. a4
Bg7 9. O-O O-O 10. f5 Ne5 11. Ba2 c5 12. Nde2 Kh8 13. Bg5 h6 14. Bxf6 Bxf6 15.
Nd5 gxf5 16. exf5 b5 17. Ng3 Bb7 18. Qh5 Kh7 19. Ne4 Bxd5 20. Bxd5 Rb8 21. Ra3
Qe7 22. Rh3 Bg5 23. f6 Qa7 24. Nxg5+ 1-0

[Event "Vaujany 2021 Accession"]
[Site "Vaujany"]
[Date "2021.07.15"]
[Round "1.26"]
[White "Estin, Lucie"]
[Black "Frelau, Mathias"]
[Result "1-0"]
[WhiteElo "1390"]
[BlackElo "1648"]
[PlyCount "77"]
[EventDate "2021.07.15"]
[EventType "swiss"]
[EventRounds "9"]
[EventCountry "FRA"]
[SourceVersionDate "2021.07.15"]

1. e4 d6 2. d4 Nf6 3. Nc3 g6 4. Bc4 Bg7 5. Nf3 Bg4 6. h3 Bxf3 7. Qxf3 Nc6 8.
Be3 O-O 9. O-O-O a6 10. g4 b5 11. e5 dxe5 12. Qxc6 bxc4 13. dxe5 Qe8 14. Qxe8
Nxe8 15. f4 c6 16. Bc5 Nc7 17. Rd7 Ne6 18. Bxe7 Rfe8 19. Rf1 Nf8 20. Bxf8 Bxf8
21. Rfd1 a5 22. Ne4 Reb8 23. e6 c3 24. b3 Ba3+ 25. Kb1 fxe6 26. Nf6+ Kf8 27.
Rxh7 Rd8 28. Rdd7 Rxd7 29. Nxd7+ Kg8 30. Nf6+ Kf8 31. Rh8+ Kg7 32. Rxa8 Kxf6
33. Rxa5 Bd6 34. Ra4 g5 35. fxg5+ Kxg5 36. Kc1 Kh4 37. Kd1 Kxh3 38. g5 Be7 39.
g6 1-0

[Event "Vaujany 2021 Accession"]
[Site "Vaujany"]
[Date "2021.07.17"]
[Round "3.30"]
[White "Cayrou, Fabien"]
[Black "Moyne-Thiriet, Paul Emile"]
[Result "*"]
[WhiteElo "1554"]
[BlackElo "1297"]
[PlyCount "28"]
[EventDate "2021.07.15"]
[EventType "swiss"]
[EventRounds "9"]
[EventCountry "FRA"]
[SourceVersionDate "2021.07.15"]

1. d4 d5 2. c4 e6 3. Nc3 Nf6 4. cxd5 exd5 5. Bg5 Be7 6. e3 Bf5 7. Qb3 Nbd7 8.
Nxd5 Nxd5 9. Qxd5 Bb4+ 10. Kd1 Qxg5 11. Qxb7 Rb8 12. Qxc7 O-O 13. Nf3 Qe7 14.
a3 Bd6 *

[Event "Vaujany 2021 Accession"]
[Site "Vaujany"]
[Date "2021.07.18"]
[Round "4.19"]
[White "Frelau, Mathias"]
[Black "Costa Boschetto, Lisa"]
[Result "1-0"]
[WhiteElo "1648"]
[BlackElo "1232"]
[PlyCount "103"]
[EventDate "2021.07.15"]
[EventType "swiss"]
[EventRounds "9"]
[EventCountry "FRA"]
[SourceVersionDate "2021.07.15"]

1. d4 d5 2. Bf4 Nf6 3. Nf3 e6 4. e3 Bd6 5. Bg3 b6 6. Bb5+ Nbd7 7. Nbd2 Qe7 8.
Ne5 Bb7 9. Bh4 Bc8 10. Qf3 O-O 11. Nxd7 Bxd7 12. Bxd7 Qxd7 13. Bxf6 gxf6 14.
Qxf6 Qe7 15. Qf3 c5 16. c3 cxd4 17. exd4 e5 18. O-O e4 19. Qh5 Kh8 20. Qxd5 f5
21. Nc4 Rad8 22. Nxd6 Rxd6 23. Qb5 Rh6 24. Rae1 Qg7 25. Qe5 Qxe5 26. dxe5 Re6
27. f3 Rfe8 28. f4 Kg7 29. Kf2 Rd8 30. Rd1 Rde8 31. g4 Kg6 32. gxf5+ Kxf5 33.
Ke3 R8e7 34. Rg1 Rg6 35. Rxg6 hxg6 36. Rd6 Re6 37. Rxe6 Kxe6 38. Kxe4 a5 39.
f5+ gxf5+ 40. Kf4 a4 41. h4 b5 42. h5 Kf7 43. h6 Kg6 44. e6 Kxh6 45. e7 Kg7 46.
e8=Q Kf6 47. Qc6+ Kg7 48. Kxf5 Kh7 49. Qg6+ Kh8 50. Qf7 b4 51. Kg6 b3 52. Qf8#
1-0

[Event "Vaujany 2021 Accession"]
[Site "Vaujany"]
[Date "2021.07.18"]
[Round "4.4"]
[White "Parisot, Auxence"]
[Black "Garde, Guillaume"]
[Result "0-1"]
[WhiteElo "1640"]
[BlackElo "1726"]
[PlyCount "92"]
[EventDate "2021.07.15"]
[EventType "swiss"]
[EventRounds "9"]
[EventCountry "FRA"]
[SourceVersionDate "2021.07.15"]

1. d4 d5 2. Bf4 Nf6 3. e3 e6 4. c4 dxc4 5. Bxc4 c5 6. Nf3 Nc6 7. Nc3 a6 8. Ne5
Nxe5 9. dxe5 Qxd1+ 10. Rxd1 Nh5 11. Bg5 Bd7 12. Ne4 h6 13. Bh4 g5 14. Bg3 Bc6
15. Nd6+ Bxd6 16. exd6 Nxg3 17. hxg3 Bxg2 18. Rg1 Bf3 19. Be2 Bxe2 20. Kxe2 Kd7
21. e4 f6 22. f4 gxf4 23. gxf4 Rag8 24. e5 f5 25. Kf2 h5 26. Rc1 b6 27. b4 Rxg1
28. Rxg1 cxb4 29. Rg7+ Kc6 30. Rc7+ Kd5 31. Ra7 a5 32. Rb7 Kc4 33. Rc7+ Kd5 34.
Rb7 Ke4 35. Re7 Kxf4 36. Rxe6 Rd8 37. Re7 a4 38. d7 b3 39. axb3 axb3 40. e6 b2
41. Re8 b1=Q 42. Rxd8 Qc2+ 43. Kg1 Qd1+ 44. Kf2 Qd2+ 45. Kg1 Qe3+ 46. Kh1 Qxe6
0-1

[Event "Vaujany 2021 Accession"]
[Site "Vaujany"]
[Date "2021.07.18"]
[Round "4.6"]
[White "Christophe Hayot, Romain"]
[Black "Vanderpooten, Raphael"]
[Result "0-1"]
[WhiteElo "1783"]
[BlackElo "1494"]
[PlyCount "93"]
[EventDate "2021.07.15"]
[EventType "swiss"]
[EventRounds "9"]
[EventCountry "FRA"]
[SourceVersionDate "2021.07.15"]

1. d4 Nf6 2. Bf4 g6 3. d5 Bg7 4. Nc3 d6 5. e4 e5 6. Bg5 Nbd7 7. Nge2 a5 8. f3
Nc5 9. Ng3 Bd7 10. a4 b6 11. Be2 h6 12. Be3 O-O 13. Qd2 Kh7 14. h4 Ng8 15. h5
g5 16. Nf5 Ne7 17. Nxg7 Kxg7 18. g3 f6 19. f4 Nc8 20. fxg5 fxg5 21. Bxc5 dxc5
22. Qe3 Nd6 23. b3 Qe7 24. O-O-O Rf6 25. Rdf1 Raf8 26. Rxf6 Rxf6 27. Rf1 Qf7
28. Rxf6 Qxf6 29. Nb5 Nxb5 30. axb5 g4 31. Qd3 Qf2 32. d6 Qg1+ 33. Kb2 cxd6 34.
Qxd6 Qd4+ 35. Qxd4 cxd4 36. Ka3 Kf6 37. b4 axb4+ 38. Kxb4 Kg5 39. Bc4 Kxh5 40.
c3 dxc3 41. Kxc3 Kg5 42. Kd3 h5 43. Ke3 h4 44. Kf2 h3 45. Bf1 Kf6 46. Ke3 Bxb5
47. Bxb5 0-1

[Event "Vaujany 2021 Accession"]
[Site "Vaujany"]
[Date "2021.07.18"]
[Round "4.3"]
[White "Vanderpooten, Daniel"]
[Black "Negre, Emilie"]
[Result "0-1"]
[WhiteElo "1705"]
[BlackElo "1395"]
[PlyCount "118"]
[EventDate "2021.07.15"]
[EventType "swiss"]
[EventRounds "9"]
[EventCountry "FRA"]
[SourceVersionDate "2021.07.15"]

1. c4 e5 2. g3 c6 3. Bg2 d5 4. cxd5 cxd5 5. d4 e4 6. Nc3 f5 7. Qb3 Nf6 8. Bg5
Be7 9. e3 Nbd7 10. Rc1 Nb6 11. Nge2 Be6 12. Nf4 Bf7 13. Bh3 g6 14. Bf1 O-O 15.
Bb5 Kg7 16. O-O h6 17. Bxf6+ Bxf6 18. Rc2 g5 19. Ng2 a6 20. Be2 Rc8 21. Rfc1
Rc6 22. Na4 Rxc2 23. Rxc2 Nxa4 24. Qxa4 Qd6 25. Rc5 b5 26. Qc2 Be8 27. f3 Be7
28. Qb3 Bc6 29. f4 Rc8 30. Qc2 Qd7 31. Rc3 b4 32. Bxa6 Rc7 33. Rc5 Bxc5 34.
dxc5 Bb5 35. Bxb5 Qxb5 36. h3 Qxc5 37. Qa4 Qc1+ 38. Kh2 Qxb2 39. Qa5 Rd7 40.
Qb5 Rd6 41. Qb7+ Kg6 42. Qb8 Qf6 43. Qxb4 d4 44. exd4 Rxd4 45. Qb3 Rd8 46. a4
Qa6 47. g4 Qf6 48. Ne3 Rd2+ 49. Ng2 Kg7 50. Qe3 Rd8 51. Qb3 Qd6 52. Qc3+ Kh7
53. a5 gxf4 54. Nh4 Qd2+ 55. Qxd2 Rxd2+ 56. Kg1 fxg4 57. hxg4 Ra2 58. Ng2 f3
59. Ne3 Rxa5 0-1

[Event "Vaujany 2021 Accession"]
[Site "Vaujany"]
[Date "2021.07.18"]
[Round "5.10"]
[White "Salvi, Michel"]
[Black "Parisot, Auxence"]
[Result "0-1"]
[WhiteElo "1625"]
[BlackElo "1540"]
[PlyCount "37"]
[EventDate "2021.07.15"]
[EventType "swiss"]
[EventRounds "9"]
[EventCountry "FRA"]
[SourceVersionDate "2021.07.15"]

1. c4 Nf6 2. Nc3 e6 3. e4 d5 4. exd5 exd5 5. cxd5 Nxd5 6. Bc4 Be6 7. Qh5 c6 8.
Nge2 Nf6 9. Qh4 g5 10. Qxg5 Bxc4 11. Qe5+ Be7 12. O-O Nbd7 13. Qd4 Bxe2 14.
Nxe2 Qb6 15. Re1 O-O-O 16. Qc4 Ne5 17. Qc3 Nd3 18. Rf1 Ne4 19. g3 0-1

[Event "Vaujany 2021 Accession"]
[Site "Vaujany"]
[Date "2021.07.18"]
[Round "5.40"]
[White "Bordet, Jacky"]
[Black "Courjal, Juliette"]
[Result "0-1"]
[WhiteElo "1454"]
[BlackElo "1373"]
[PlyCount "44"]
[EventDate "2021.07.15"]
[EventType "swiss"]
[EventRounds "9"]
[EventCountry "FRA"]
[SourceVersionDate "2021.07.15"]

1. d4 e6 2. c4 b6 3. Nf3 Bb7 4. e3 f5 5. Nc3 Nf6 6. Be2 g6 7. Bd2 Bg7 8. Rc1
O-O 9. O-O d6 10. b4 Ne4 11. Be1 Nd7 12. Nd2 Qg5 13. f4 Qe7 14. Bf3 e5 15.
Ndxe4 fxe4 16. Bxe4 Bxe4 17. Nxe4 exd4 18. exd4 Qxe4 19. Bf2 Rxf4 20. Re1 Qf5
21. Re2 Rf8 22. Qd2 Bxd4 0-1

[Event "Vaujany 2021 Accession"]
[Site "Vaujany"]
[Date "2021.07.18"]
[Round "5.21"]
[White "David, Pierre Yves"]
[Black "Kouam, Noe"]
[Result "1-0"]
[WhiteElo "1714"]
[BlackElo "1485"]
[PlyCount "47"]
[EventDate "2021.07.15"]
[EventType "swiss"]
[EventRounds "9"]
[EventCountry "FRA"]
[SourceVersionDate "2021.07.15"]

1. e4 d5 2. exd5 Qxd5 3. Nc3 Qa5 4. d4 Nf6 5. Nf3 Bg4 6. Be2 Nc6 7. h3 Bh5 8.
g4 Bg6 9. Bb5 O-O-O 10. Bxc6 bxc6 11. Qe2 Nd5 12. Bd2 Nxc3 13. bxc3 Bxc2 14.
Ne5 Qd5 15. Qa6+ Kb8 16. Nxc6+ Qxc6 17. Qxc6 Rd6 18. Qe8+ Kb7 19. O-O c6 20.
Rab1+ Bxb1 21. Rxb1+ Kc7 22. Rb8 Rd5 23. c4 Rxd4 24. c5 1-0

[Event "Vaujany 2021 Accession"]
[Site "Vaujany"]
[Date "2021.07.18"]
[Round "5.6"]
[White "Estin-Charbonnel, Lucie"]
[Black "Pierrard, Bernard"]
[Result "1-0"]
[WhiteElo "1390"]
[BlackElo "1735"]
[PlyCount "35"]
[EventDate "2021.07.15"]
[EventType "swiss"]
[EventRounds "9"]
[EventCountry "FRA"]
[SourceVersionDate "2021.07.15"]

1. e4 c5 2. Nc3 a6 3. f4 d6 4. Nf3 e6 5. a4 b6 6. Bc4 Qc7 7. f5 Nf6 8. d3 Be7
9. h3 d5 10. exd5 exf5 11. O-O O-O 12. Nh4 g6 13. Bg5 Qg3 14. Nf3 Nbd7 15. Qd2
Qc7 16. Rae1 Re8 17. d6 Bxd6 18. Nd5 1-0

[Event "Vaujany 2021 Accession"]
[Site "Vaujany"]
[Date "2021.07.18"]
[Round "5.1"]
[White "Paredes, Brayan"]
[Black "Elsadig-Bashir, Hussan"]
[Result "1-0"]
[WhiteElo "1872"]
[BlackElo "1423"]
[PlyCount "35"]
[EventDate "2021.07.15"]
[EventType "swiss"]
[EventRounds "9"]
[EventCountry "FRA"]
[SourceVersionDate "2021.07.15"]

1. e4 c6 2. d4 d5 3. exd5 cxd5 4. c4 Nf6 5. Nc3 e6 6. c5 Nc6 7. Nf3 Be7 8. Bb5
O-O 9. O-O a5 10. Na4 Nd7 11. Bf4 Bf6 12. a3 Ncb8 13. b4 Na6 14. c6 bxc6 15.
Bxc6 Ra7 16. b5 Nab8 17. Rb1 Nb6 18. Bxb8 1-0

[Event "Vaujany 2021 Accession"]
[Site "Vaujany"]
[Date "2021.07.18"]
[Round "5.9"]
[White "Bourg, nicolas"]
[Black "frelau, Mathias"]
[Result "1-0"]
[WhiteElo "1507"]
[BlackElo "1648"]
[Annotator "promoechecs"]
[PlyCount "119"]
[EventDate "2021.07.15"]
[EventType "swiss"]
[EventRounds "9"]
[EventCountry "FRA"]
[SourceVersionDate "2021.07.15"]

1. e4 d6 2. d4 Nf6 3. Bd3 g6 4. f3 a6 5. Be3 c5 6. dxc5 dxc5 7. Bxc5 Qa5+ 8. b4
Qc7 9. Bd4 e5 10. Bc3 Nc6 11. a3 Be6 12. Ne2 Rd8 13. O-O Bg7 14. Bd2 Qb6+ 15.
Kh1 Nh5 16. Qc1 Nd4 17. Nbc3 Nxe2 18. Nxe2 f5 19. Bh6 f4 20. Bxg7 Nxg7 21. Qb2
Qc7 22. b5 Nh5 23. bxa6 bxa6 24. Qc3 Qd6 25. Rad1 Kf7 26. Qb4 Qc7 27. Rb1 Rb8
28. Qc3 Qd6 29. Qa5 Rxb1 30. Rxb1 Rb8 31. Rxb8 Qxb8 32. Qxa6 Qb1+ 33. Ng1 Qc1
34. Bc4 Bxc4 35. Qxc4+ Kf6 36. a4 Qe1 37. Qd5 Kg7 38. Qxe5+ Kh6 39. Qe7 g5 40.
Qf8+ Kg6 41. Qf5+ Kh6 42. e5 Qh4 43. Qh3 Qe1 44. e6 Kg6 45. e7 Qxe7 46. Qc8 Qb4
47. Qe8+ Kh6 48. Qe4 Qb6 49. c3 Qf2 50. Qe2 Qc5 51. Qe6+ Kg7 52. Qd7+ Kh6 53.
Qd4 Qa3 54. Qb4 Qc1 55. a5 Qe1 56. a6 Qh4 57. Qf8+ Kg6 58. Qe8+ Kf6 59. Nh3
Qe1+ $4 60. Qxe1 1-0

[Event "Vaujany 2021 Accession"]
[Site "Vaujany"]
[Date "2021.07.19"]
[Round "5.2"]
[White "Negre, Emilie"]
[Black "Sesia, Noah"]
[Result "0-1"]
[WhiteElo "1395"]
[BlackElo "1846"]
[PlyCount "50"]
[EventDate "2021.07.15"]
[EventType "swiss"]
[EventRounds "9"]
[EventCountry "FRA"]
[SourceVersionDate "2021.07.15"]

1. d4 e6 2. Nf3 d5 3. c4 c5 4. cxd5 exd5 5. Bf4 Nf6 6. e3 Nc6 7. Nc3 a6 8. a3
c4 9. Ne5 Qb6 10. Be2 Bf5 11. Qd2 Be7 12. Bf3 Rd8 13. g4 Nxe5 14. Bxe5 Bxg4 15.
Bxg4 Nxg4 16. Bxg7 Rg8 17. Be5 Nxe5 18. dxe5 d4 19. exd4 Rxd4 20. Qe2 Qc6 21.
Rf1 Rgg4 22. Qc2 Qf3 23. Ne2 Rge4 24. Rd1 Rxe2+ 25. Qxe2 Re4 0-1

[Event "Vaujany 2021 Accession"]
[Site "Vaujany"]
[Date "2021.07.19"]
[Round "5.3"]
[White "Vanderpooten, Raphael"]
[Black "Stoll, Lucia"]
[Result "0-1"]
[WhiteElo "1494"]
[BlackElo "1574"]
[PlyCount "94"]
[EventDate "2021.07.15"]
[EventType "swiss"]
[EventRounds "9"]
[EventCountry "FRA"]
[SourceVersionDate "2021.07.15"]

1. c4 e6 2. g3 d5 3. Bg2 Nf6 4. Nf3 dxc4 5. Qa4+ Nbd7 6. Qxc4 a6 7. O-O b5 8.
Qc2 Bb7 9. d3 c5 10. Nbd2 Be7 11. a4 O-O 12. b3 Qb6 13. Ba3 Rfc8 14. Rac1 Nd5
15. Qb1 Bf8 16. Qa1 Bc6 17. Bb2 Qa5 18. axb5 axb5 19. Ne4 Qb6 20. Qb1 Nb4 21.
Ne5 Nxe5 22. Bxe5 f6 23. Bc3 Bd5 24. Nd2 Bxg2 25. Kxg2 Nc6 26. Nf3 Ra6 27. Qc2
Rca8 28. Ra1 Nb4 29. Qd2 Ra2 30. Qf4 Nd5 31. Qc1 Rxa1 32. Bxa1 Qa6 33. Bb2 Rc8
34. Qa1 Qb7 35. Rc1 e5 36. Kg1 Nb4 37. Ba3 Nxd3 38. exd3 Qxf3 39. Qc3 Rd8 40.
Qa5 Ra8 41. Qb6 Rxa3 42. Qxb5 Ra2 43. Rf1 Ra8 44. Rc1 Rd8 45. Rc3 Kh8 46. Qc4
h6 47. Qb5 e4 0-1

[Event "Vaujany 2021 Accession"]
[Site "Vaujany"]
[Date "2021.07.19"]
[Round "5.4"]
[White "Garde, Guillaume"]
[Black "Hodot, Yves"]
[Result "1-0"]
[WhiteElo "1726"]
[BlackElo "1795"]
[PlyCount "81"]
[EventDate "2021.07.15"]
[EventType "swiss"]
[EventRounds "9"]
[EventCountry "FRA"]
[SourceVersionDate "2021.07.15"]

1. e4 e6 2. d4 d5 3. Bd3 c5 4. exd5 cxd4 5. dxe6 Bxe6 6. Nf3 Nc6 7. O-O Bd6 8.
Re1 Nge7 9. Nbd2 h6 10. Nb3 Bg4 11. Be2 Bxf3 12. Bxf3 O-O 13. g3 Be5 14. Nc5
Qc7 15. Nd3 Rac8 16. Nxe5 Nxe5 17. Bf4 f6 18. Be4 Rfd8 19. Qh5 Qd7 20. Bxe5 Rc5
21. Bd3 fxe5 22. Rxe5 Rxe5 23. Qxe5 Qd6 24. Qe4 b6 25. Re1 Rd7 26. Qh7+ Kf8 27.
Qh8+ Ng8 28. Bc4 Rf7 29. Bxf7 Kxf7 30. Qh7 Nf6 31. Qd3 a5 32. Qc4+ Qd5 33.
Qxd5+ Nxd5 34. Rd1 Nb4 35. Rxd4 Nxc2 36. Rd7+ Kf8 37. Rb7 Nb4 38. Rxb6 Nxa2 39.
Ra6 Nb4 40. Rxa5 Nc6 41. Rc5 1-0

[Event "Vaujany 2021 Accession"]
[Site "Vaujany"]
[Date "2021.07.20"]
[Round "6.5"]
[White "Nezosi, Constantin"]
[Black "Estin-Charbonnel, Lucie"]
[Result "0-1"]
[WhiteElo "1457"]
[BlackElo "1390"]
[PlyCount "72"]
[EventDate "2021.07.15"]
[EventType "swiss"]
[EventRounds "9"]
[EventCountry "FRA"]
[SourceVersionDate "2021.07.15"]

1. d4 Nf6 2. c4 c5 3. d5 b5 4. cxb5 a6 5. f3 g6 6. e4 d6 7. Nc3 Bg7 8. Bd3 O-O
9. Nge2 axb5 10. Bxb5 Ba6 11. Bxa6 Nxa6 12. Be3 Qb6 13. b3 Nd7 14. O-O Qa5 15.
Qd2 Rfb8 16. Bh6 Bh8 17. f4 Nf6 18. f5 Nxe4 19. fxg6 hxg6 20. Qf4 Nf6 21. g4
Rb4 22. Qf3 Rxg4+ 23. Ng3 Qb4 24. Kh1 Rh4 25. Bg5 Rh7 26. Nce4 Nxe4 27. Nxe4
Bxa1 28. Bxe7 Be5 29. h3 f5 30. Rg1 Qxe4 31. Qxe4 fxe4 32. Bxd6 Rxh3+ 33. Kg2
Rg3+ 34. Kf2 Rxg1 35. Bxe5 Rd1 36. d6 Kf7 0-1

[Event "Vaujany 2021 Accession"]
[Site "Vaujany"]
[Date "2021.07.20"]
[Round "6.3"]
[White "parisot, auxence"]
[Black "negre, emilie"]
[Result "1/2-1/2"]
[WhiteElo "1640"]
[BlackElo "1395"]
[PlyCount "110"]
[EventDate "2021.07.15"]
[EventType "swiss"]
[EventRounds "9"]
[EventCountry "FRA"]
[SourceVersionDate "2021.07.15"]

1. d4 Nf6 2. Bf4 e6 3. e3 d5 4. Nf3 Bd6 5. Ne5 c5 6. Bb5+ Nfd7 7. Nxf7 Kxf7 8.
Bxd6 c4 9. Bxd7 Nxd7 10. Qh5+ g6 11. Qf3+ Kg7 12. h4 Qb6 13. Ba3 Qa5+ 14. c3 h6
15. e4 e5 16. exd5 exd4 17. Qe4 dxc3 18. Nxc3 b5 19. h5 gxh5 20. Rh3 Nf6 21.
Qe7+ Kg6 22. Rg3+ Bg4 23. Kf1 Rhe8 24. Qc5 Rad8 25. Bb4 Qb6 26. Qxb6 axb6 27.
f3 h4 28. Rxg4+ Nxg4 29. fxg4 Kg5 30. Nxb5 Re5 31. Nc7 Kxg4 32. Rd1 Rd7 33. d6
Kg3 34. Kg1 Re2 35. Be1+ Kg4 36. Rd4+ Kf5 37. Bxh4 Rxb2 38. Nd5 Rb1+ 39. Kh2
Rxd6 40. Ne3+ Ke6 41. Rxc4 b5 42. Re4+ Kd7 43. Re7+ Kc6 44. Bg3 Rd3 45. Nf5
Rdd1 46. Re6+ Kd7 47. Re7+ Kc6 48. Bh4 Rbc1 49. Re6+ Kd7 50. Rxh6 Rh1+ 51. Kg3
Rc3+ 52. Kg4 Rc2 53. Rh7+ Kc8 54. Nd6+ Kb8 55. Rh8+ Ka7 1/2-1/2

[Event "Vaujany 2021 Accession"]
[Site "Vaujany"]
[Date "2021.07.20"]
[Round "6.1"]
[White "Stoll, Lucia"]
[Black "Paredes, Brayan"]
[Result "0-1"]
[WhiteElo "1574"]
[BlackElo "1872"]
[PlyCount "76"]
[EventDate "2021.07.15"]
[EventType "swiss"]
[EventRounds "9"]
[EventCountry "FRA"]
[SourceVersionDate "2021.07.15"]

1. e4 c5 2. Nf3 e6 3. d4 cxd4 4. Nxd4 a6 5. Nc3 Qc7 6. g3 Bb4 7. Bd2 Ne7 8. Bg2
Nbc6 9. Bf4 Qa5 10. Nxc6 Bxc3+ 11. bxc3 Qxc3+ 12. Bd2 Qxc6 13. O-O O-O 14. Bb4
Re8 15. Bd6 a5 16. Qd3 Qa6 17. c4 Nc6 18. Rab1 Nb4 19. Qd4 e5 20. Qd2 Qxc4 21.
Bxb4 axb4 22. Rxb4 Qxa2 23. Rb2 Qa5 24. Bh3 Qxd2 25. Rxd2 Rd8 26. Rfd1 Rb8 27.
Bxd7 Bxd7 28. Rxd7 Rxd7 29. Rxd7 b5 30. Kf1 b4 31. Rd2 Kf8 32. Ke2 Ke7 33. h4
b3 34. Rb2 Kd6 35. Kd3 Kc5 36. Kc3 Rb4 37. f3 Rc4+ 38. Kd3 Kb4 0-1

[Event "Vaujany 2021 Principal"]
[Site "Vaujany"]
[Date "2021.07.20"]
[Round "7.19"]
[White "Oumer, Walid"]
[Black "Thill Solente, Gabriel"]
[Result "1-0"]
[WhiteElo "1397"]
[BlackElo "1614"]
[PlyCount "99"]
[EventDate "2021.07.15"]
[EventType "swiss"]
[EventRounds "9"]
[EventCountry "FRA"]
[SourceVersionDate "2021.07.15"]

1. d4 d5 2. c4 dxc4 3. Nc3 Nf6 4. e4 e5 5. d5 Bb4 6. Qa4+ Bd7 7. Qxb4 Na6 8.
Qxc4 O-O 9. Nf3 Qe7 10. Be2 Ne8 11. Bg5 f6 12. d6+ Qe6 13. Qxe6+ Bxe6 14. d7
Nd6 15. Be3 Nb4 16. O-O Nc2 17. Rac1 Nxe3 18. fxe3 Bxd7 19. Rfd1 Bc6 20. Nd5
Rf7 21. Nxc7 Rxc7 22. Rxd6 Kf7 23. Bc4+ Kf8 24. Bb5 Ke7 25. Rd2 Rac8 26. Bxc6
Rxc6 27. Rxc6 Rxc6 28. b3 g5 29. Ne1 Rc1 30. Kf2 Ra1 31. Nd3 b6 32. Nb4 Rc1 33.
Rc2 Rh1 34. Rc7+ Kd6 35. Rxh7 a5 36. Nd5 f5 37. Rh6+ Kc5 38. Nxb6 fxe4 39. Nc4
Ra1 40. a3 Rb1 41. Nxa5 Kb5 42. Nc4 Rxb3 43. Nxe5 Rxa3 44. Rg6 Ra2+ 45. Kg3 Re2
46. Ng4 Kc4 47. Rxg5 Kd3 48. Re5 Ra2 49. Nf2+ Kxe3 50. Rxe4+ 1-0

[Event "Vaujany 2021 Accession"]
[Site "Vaujany"]
[Date "2021.07.21"]
[Round "7.38"]
[White "Lamorelle, Alexey"]
[Black "Jean, Robert"]
[Result "1/2-1/2"]
[WhiteElo "1227"]
[BlackElo "1587"]
[PlyCount "55"]
[EventDate "2021.07.15"]
[EventType "swiss"]
[EventRounds "9"]
[EventCountry "FRA"]
[SourceVersionDate "2021.07.15"]

1. e4 c5 2. Nf3 d6 3. d4 cxd4 4. Nxd4 Nf6 5. Nc3 a6 6. f4 e5 7. Nf3 Nc6 8. fxe5
dxe5 9. Qxd8+ Kxd8 10. Bg5 Be7 11. O-O-O+ Ke8 12. Bc4 Bg4 13. h3 Bh5 14. g4 Bg6
15. Bxf6 Bxf6 16. Rd6 Be7 17. Rd5 f6 18. Rhd1 Bf7 19. Nh4 Bxd5 20. Nxd5 Rc8 21.
Nb6 Rd8 22. Nd5 g6 23. Nc7+ Kf8 24. Ne6+ Ke8 25. Ng7+ Kf8 26. Ne6+ Ke8 27. Ng7+
Kf8 28. Ne6+ 1/2-1/2

[Event "Vaujany 2021 Accession"]
[Site "Vaujany"]
[Date "2021.07.21"]
[Round "7.4"]
[White "Fastier, Adrien"]
[Black "Parisot, Auxence"]
[Result "1-0"]
[WhiteElo "1665"]
[BlackElo "1540"]
[PlyCount "49"]
[EventDate "2021.07.15"]
[EventType "swiss"]
[EventRounds "9"]
[EventCountry "FRA"]
[SourceVersionDate "2021.07.15"]

1. e4 c5 2. Nf3 Nc6 3. d4 cxd4 4. Nxd4 e5 5. Nb5 d6 6. c4 g6 7. Bd3 a6 8. N5c3
Bg7 9. Nd5 Nge7 10. Nbc3 O-O 11. O-O f5 12. Bg5 h6 13. Bxe7 Nxe7 14. Nxe7+ Qxe7
15. Nd5 Qg5 16. Qb3 Kh8 17. Rad1 fxe4 18. Bxe4 Bf5 19. Bxf5 gxf5 20. Nc7 f4 21.
Ne6 Qe7 22. Nxf8 Rxf8 23. f3 e4 24. fxe4 Qxe4 25. Qd3 1-0

[Event "Vaujany 2021 Accession"]
[Site "Vaujany"]
[Date "2021.07.21"]
[Round "7.2"]
[White "Estin-Charbonnel, Lucie"]
[Black "Masalles, Gabriel"]
[Result "0-1"]
[WhiteElo "1390"]
[BlackElo "1746"]
[PlyCount "58"]
[EventDate "2021.07.15"]
[EventType "swiss"]
[EventRounds "9"]
[EventCountry "FRA"]
[SourceVersionDate "2021.07.15"]

1. e4 Nc6 2. d4 d5 3. exd5 Qxd5 4. Nf3 Bg4 5. Be2 O-O-O 6. Be3 Nf6 7. O-O Qh5
8. Nbd2 Nd5 9. h3 Nxe3 10. fxe3 Bxh3 11. gxh3 Qxh3 12. Rf2 e5 13. Rh2 Qf5 14.
d5 Bc5 15. dxc6 Bxe3+ 16. Kh1 e4 17. Nh4 Qg5 18. Qf1 Rxd2 19. Qf5+ Qxf5 20.
Nxf5 Bf4 21. cxb7+ Kxb7 22. Rf2 e3 23. Rxf4 Rxe2 24. Rb4+ Kc8 25. Rd1 Re8 26.
Nd4 Rd2 27. Re1 c5 28. Rc4 Rxd4 29. Rxc5+ Kb7 0-1